| 000 | 00000nam 2200000za 4500 |
| 001 | 9.610933 |
| 003 | CaOODSP |
| 005 | 20240527135427 |
| 007 | ta |
| 008 | 150406|1994||||xxc||||| f|0| 0 eng d |
| 020 | |a0-662-21361-0 |
| 022 | |a0576-6370 |
| 040 | |aCaOODSP|beng |
| 043 | |an-cn--- |
| 086 | 1 |aCW69-1/81E |
| 110 | 2 |aCanadian Wildlife Service. |
| 245 | 10|aColonies and numbers of Ross' Geese and Lesser Snow Geese in the Queen Maud Gulf Migratory Bird Sanctuary / |cby Richard H. Kerbes. |
| 260 | |aOttawa - Ontario : |bEnvironment Canada. |c1994. |
| 300 | |a47p. : |bgraphs, maps, references, tables ; |c28 cm. |
| 490 | 1 |aOccasional paper - Canadian Wildlife Service|x0576-6370|v81E |
| 546 | |aRésumés en français |
| 563 | |aSoftcover |
| 690 | 07|aBirds|2gcpds |
| 690 | 07|aNature conservation|2gcpds |
| 720 | 1 |aKerbes, Richard H. |
| 776 | 0#|tColonies and numbers of Ross' geese and lesser snow geese in the Queen Maud Gulf Migratory Bird Sanctuary |w(CaOODSP)9.856078 |
| 830 | #0|aOccasional paper (Canadian Wildlife Service)|x0576-6370|v81E|w(CaOODSP)9.514489 |